[Event "Winnipeg TNT March op"]
[Site "Winnipeg CAN"]
[Date "2009.03.03"]
[Round "1"]
[White "Menard, Trevor"]
[Black "Lipic, Stephen"]
[Result "0-1"]
[WhiteElo "1338"]
[BlackElo "1649"]
[PlyCount "37"]
[GameId "2160767910239871"]
[EventDate "2009.03.03"]
[EventType "swiss"]
[EventRounds "5"]
[EventCountry "CAN"]
[SourceTitle "EXT 2011"]
[Source "ChessBase"]
[SourceDate "2011.11.26"]
[SourceVersion "1"]
[SourceVersionDate "2011.11.26"]
[SourceQuality "1"]

1. d4 d5 2. Nf3 e6 3. c3 f5 4. Bf4 Nf6 5. e3 c6 6. Bd3 Nbd7 7. c4 Ne4 8. a3 Ndf6 9. Qa4 Bd6 10. Ne5 O-O 11. f3 g5 12. c5 gxf4 13. fxe4 fxe4 14. cxd6 exd3 15. exf4 Ne4 16. g3 Qxd6 17. Nxd3 c5 18. dxc5 Nxc5 19. Qb4 0-1

[Event "Winnipeg TNT March op"]
[Site "Winnipeg CAN"]
[Date "2009.03.03"]
[Round "1"]
[White "Mundwiler, Les"]
[Black "Goodman, Clifford"]
[Result "1-0"]
[WhiteElo "2005"]
[BlackElo "1630"]
[PlyCount "59"]
[GameId "2160767910239872"]
[EventDate "2009.03.03"]
[EventType "swiss"]
[EventRounds "5"]
[EventCountry "CAN"]
[SourceTitle "EXT 2011"]
[Source "ChessBase"]
[SourceDate "2011.11.26"]
[SourceVersion "1"]
[SourceVersionDate "2011.11.26"]
[SourceQuality "1"]

1. e4 c6 2. d4 d5 3. e5 Bf5 4. g4 Bg6 5. h4 h6 6. Nd2 e6 7. Nb3 Nd7 8. Be3 Qc7 9. Ne2 Be4 10. Rh3 c5 11. f3 Bh7 12. f4 c4 13. Nd2 Ne7 14. Nc3 a6 15. a4 Nc6 16. Bg2 Bb4 17. Bg1 Bxc3 18. bxc3 Qa5 19. f5 exf5 20. Qf3 fxg4 21. Qxg4 O-O-O 22. Re3 Bxc2 23. Bh2 Bd3 24. Rc1 Qxa4 25. Bxd5 Qa3 26. Rd1 Qxc3 27. Bxc6 bxc6 28. e6 fxe6 29. Qxe6 Rhe8 30. Qxc6# 1-0

[Event "Winnipeg TNT March op"]
[Site "Winnipeg CAN"]
[Date "2009.03.03"]
[Round "1"]
[White "Ott, Richard"]
[Black "Wierda, John"]
[Result "0-1"]
[WhiteElo "1457"]
[BlackElo "1754"]
[PlyCount "106"]
[GameId "2160767910239873"]
[EventDate "2009.03.03"]
[EventType "swiss"]
[EventRounds "5"]
[EventCountry "CAN"]

1. d4 Nf6 2. Nf3 c5 3. d5 g6 4. c4 d6 5. Nc3 Bg7 6. e4 O-O 7. h3 Na6 8. Bd3 Nc7 9. a4 a6 10. a5 e5 11. O-O Nfe8 12. Bg5 Bf6 13. Bh6 Ng7 14. Kh1 Rb8 15. Na4 b5 16. Nb6 b4 17. Nh2 Na8 18. Nxc8 Rxc8 19. Qd2 Nc7 20. Ng4 Be7 21. f4 exf4 22. Qxf4 f6 23. Bxg7 Kxg7 24. Qh6+ Kg8 25. Rf3 Ne8 26. Raf1 Qxa5 27. h4 Rf7 28. e5 f5 29. h5 Bf8 30. Qg5 Qd8 31. Nh6+ Bxh6 32. Qxh6 Qh4+ 33. Rh3 Qg4 34. hxg6 Qxg6 35. Qf4 Rg7 36. Rf2 dxe5 37. Qxe5 Nd6 38. b3 Re8 39. Qa1 Ne4 40. Bxe4 Rxe4 41. Rhf3 Rf7 42. Qf1 Rh4+ 43. Rh3 Rxh3+ 44. gxh3 Kh8 45. Rg2 Qf6 46. Qg1 Rf8 47. Qxc5 f4 48. Qxb4 f3 49. Rf2 Rg8 50. Qe1 Rg3 51. Qe8+ Kg7 52. Kh2 Qf4 53. Qe7+ Kh8 0-1

[Event "Winnipeg TNT March op"]
[Site "Winnipeg CAN"]
[Date "2009.03.03"]
[Round "1"]
[White "Swift, Ryne"]
[Black "Magnusson, Saul"]
[Result "0-1"]
[WhiteElo "1722"]
[BlackElo "1461"]
[PlyCount "126"]
[GameId "2160767910239874"]
[EventDate "2009.03.03"]
[EventType "swiss"]
[EventRounds "5"]
[EventCountry "CAN"]
[SourceTitle "EXT 2011"]
[Source "ChessBase"]
[SourceDate "2011.11.26"]
[SourceVersion "1"]
[SourceVersionDate "2011.11.26"]
[SourceQuality "1"]

1. e4 e5 2. Nf3 Nc6 3. d4 exd4 4. Nxd4 Nf6 5. Nc3 Bb4 6. Nxc6 bxc6 7. Bd3 d5 8. exd5 cxd5 9. O-O O-O 10. Bg5 Be7 11. Rb1 Re8 12. Re1 h6 13. Bxf6 gxf6 14. Qh5 Bf8 15. Rxe8 Qxe8 16. Qxd5 Be6 17. Qe4 f5 18. Qf3 c6 19. Bxf5 Bxf5 20. Qxf5 Rb8 21. g3 Bg7 22. Qg4 Qe7 23. Qf4 Rb4 24. Qd2 Qc5 25. a3 Rb7 26. Rc1 Qc4 27. Nd1 Qe6 28. Qe3 Qxe3 29. fxe3 Rd7 30. Kf1 Rd2 31. h3 h5 32. Nc3 f5 33. Nb1 Rh2 34. Kg1 Re2 35. Rf1 Rxe3 36. Rxf5 Bxb2 37. Kf2 Bd4 38. Rf4 Bb6 39. Rb4 Rb3+ 40. Kg2 Re3 41. Kf2 Bc5 42. Rc4 Rc3+ 43. Rxc5 Rxc5 44. c3 Kf7 45. Ke3 Rg5 46. Kf4 Kf6 47. Nd2 Rf5+ 48. Ke3 Ra5 49. Nc4 Rg5 50. g4 hxg4 51. hxg4 Rxg4 52. Na5 c5 53. Nb3 Rg5 54. Kd3 Ke6 55. Kc4 Kd6 56. Kb5 Rg7 57. c4 Rb7+ 58. Ka4 Rb6 59. Na5 Ke5 60. Nb3 Ra6+ 61. Na5 Kd4 62. Kb5 Rb6+ 63. Ka4 Kc3 0-1

[Event "Winnipeg TNT March op"]
[Site "Winnipeg CAN"]
[Date "2009.03.03"]
[Round "1"]
[White "Trinidad, Kris"]
[Black "Rutter, Blair"]
[Result "0-1"]
[WhiteElo "1563"]
[BlackElo "1845"]
[PlyCount "80"]
[GameId "2160767910239875"]
[EventDate "2009.03.03"]
[EventType "swiss"]
[EventRounds "5"]
[EventCountry "CAN"]
[SourceTitle "EXT 2011"]
[Source "ChessBase"]
[SourceDate "2011.11.26"]
[SourceVersion "1"]
[SourceVersionDate "2011.11.26"]
[SourceQuality "1"]

1. d4 e6 2. c4 c5 3. e3 Nf6 4. Nf3 Be7 5. Be2 O-O 6. O-O d6 7. Nc3 a6 8. b3 Qc7 9. Bb2 b6 10. Rc1 Bb7 11. d5 e5 12. Qc2 Nbd7 13. Bd3 Rae8 14. Ne4 Nxe4 15. Bxe4 Nf6 16. Nd2 Bc8 17. f3 Nxe4 18. fxe4 Bg5 19. Rf3 h5 20. Nf1 Bg4 21. Rf2 f6 22. h3 Bc8 23. Qe2 Qf7 24. Nh2 Qg6 25. Nf3 Bh6 26. Qd3 Bxh3 27. Nh4 Qg5 28. Nf3 Qg3 29. Rcf1 Bg4 30. Bc1 Rf7 31. Qb1 Bc8 32. Bd2 Ref8 33. Qe1 Qg4 34. Qb1 f5 35. exf5 Bxf5 36. Nh2 Bxb1 37. Nxg4 Rxf2 38. Nxh6+ gxh6 39. Rxf2 Rxf2 40. Kxf2 Bxa2 0-1

[Event "Winnipeg TNT March op"]
[Site "Winnipeg CAN"]
[Date "2009.03.03"]
[Round "1"]
[White "Trueman, Francis"]
[Black "Green, Aaron"]
[Result "0-1"]
[WhiteElo "1522"]
[BlackElo "1817"]
[PlyCount "107"]
[GameId "2160767740941013"]
[EventDate "2009.03.03"]
[EventType "swiss"]
[EventRounds "5"]
[EventCountry "CAN"]

1. Nf3 Nf6 2. d3 g6 3. Nbd2 Bg7 4. g3 O-O 5. Bg2 d6 6. O-O e5 7. e4 Nc6 8. c3 Ne7 9. Re1 Ne8 10. a4 f5 11. Ng5 h6 12. Qb3+ d5 13. exd5 hxg5 14. d6+ Kh7 15. dxe7 Qxe7 16. Nc4 Nd6 17. Nxd6 cxd6 18. Bd5 Rb8 19. a5 Bf6 20. Ra4 g4 21. Be3 a6 22. Bb6 Qd7 23. Rc4 Bd8 24. Rb4 Bxb6 25. Rxb6 Qc7 26. Ra1 Re8 27. Ra4 Re7 28. Rab4 Kh6 29. Rc4 Qd8 30. Qa3 Rc7 31. Rxc7 Qxc7 32. Rxd6 Bd7 33. Rb6 Bc6 34. Bxc6 bxc6 35. Rxb8 Qxb8 36. b4 Qd6 37. Qc1+ g5 38. Qe3 f4 39. Qe4 c5 40. Qf5 cxb4 41. cxb4 Qxb4 42. Qxg4 Qxa5 43. Qh3+ Kg7 44. Qd7+ Kf6 45. Qc6+ Ke7 46. Qg6 Qa1+ 47. Kg2 a5 48. Qxg5+ Kd6 49. Qf6+ Kd5 50. gxf4 a4 51. f5 a3 52. Qe6+ Kd4 53. f6 e4 54. f7 {White lost on time.} 0-1

[Event "Winnipeg TNT March op"]
[Site "Winnipeg CAN"]
[Date "2009.03.03"]
[Round "1"]
[White "Wasserman, Arie"]
[Black "Boron, Anthony"]
[Result "0-1"]
[WhiteElo "1690"]
[BlackElo "1993"]
[PlyCount "66"]
[GameId "2160767910239876"]
[EventDate "2009.03.03"]
[EventType "swiss"]
[EventRounds "5"]
[EventCountry "CAN"]
[SourceTitle "EXT 2011"]
[Source "ChessBase"]
[SourceDate "2011.11.26"]
[SourceVersion "1"]
[SourceVersionDate "2011.11.26"]
[SourceQuality "1"]

1. e4 c6 2. Nf3 d5 3. exd5 cxd5 4. d4 Nc6 5. Bb5 Bd7 6. Nc3 Nf6 7. h3 e6 8. Bxc6 Bxc6 9. Ne5 Bb4 10. Bd2 Qb6 11. Nf3 Rc8 12. a3 Bxc3 13. Bxc3 Ne4 14. Ne5 Nxc3 15. bxc3 O-O 16. Nxc6 Qxc6 17. Qd3 Qxc3+ 18. Qxc3 Rxc3 19. Kd2 Rfc8 20. Ra2 b6 21. Rb1 g6 22. Rb3 R3c4 23. Rb4 Kf8 24. Rab2 Ke7 25. Rxc4 Rxc4 26. Rb4 Rxb4 27. axb4 a5 28. b5 Kd6 29. Kd3 e5 30. c3 f6 31. f3 f5 32. g3 e4+ 33. fxe4 fxe4+ 0-1

[Event "Winnipeg TNT March op"]
[Site "Winnipeg CAN"]
[Date "2009.03.03"]
[Round "1"]
[White "Wood, Nathan"]
[Black "Wiebe, Daniel"]
[Result "0-1"]
[WhiteElo "1602"]
[BlackElo "1939"]
[PlyCount "67"]
[GameId "2160767740941014"]
[EventDate "2009.03.03"]
[EventType "swiss"]
[EventRounds "5"]
[EventCountry "CAN"]

1. e4 c5 2. Nf3 d6 3. d4 cxd4 4. Nxd4 Nf6 5. Nc3 a6 6. Bc4 e6 7. Bb3 Be7 8. O-O O-O 9. f4 Nc6 10. Be3 Qc7 11. Qf3 b5 12. e5 Nxd4 13. Bxd4 Bb7 14. Qg3 dxe5 15. fxe5 Ne4 16. Nxe4 Bxe4 17. Rf4 Bg6 18. Qf2 Rac8 19. Rf1 Bc5 20. Bxc5 Qxc5 21. Qxc5 Rxc5 22. Bxe6 Rxe5 23. Bb3 Re2 24. R4f2 Re7 25. Rd2 b4 26. Rd6 a5 27. h4 Kh8 28. Ra6 Re5 29. Bxf7 Bxc2 30. Rf2 Ba4 31. b3 Re1+ 32. Kh2 Be8 33. Ra8 g6 34. Kg3 {Incomplete game score. White resigned after Black's 37th move.} 0-1

[Event "Winnipeg TNT March op"]
[Site "Winnipeg CAN"]
[Date "2009.03.10"]
[Round "2"]
[White "Boron, Anthony"]
[Black "Lauritson, Jim"]
[Result "0-1"]
[WhiteElo "1993"]
[BlackElo "1882"]
[PlyCount "80"]
[GameId "2160767910239877"]
[EventDate "2009.03.03"]
[EventType "swiss"]
[EventRounds "5"]
[EventCountry "CAN"]
[SourceTitle "EXT 2011"]
[Source "ChessBase"]
[SourceDate "2011.11.26"]
[SourceVersion "1"]
[SourceVersionDate "2011.11.26"]
[SourceQuality "1"]

1. d4 Nf6 2. c4 e6 3. g3 Bb4+ 4. Bd2 Be7 5. Bg2 d5 6. Nc3 O-O 7. b3 dxc4 8. Nf3 cxb3 9. Qxb3 Nc6 10. e3 Rb8 11. O-O a6 12. a4 Bd6 13. e4 e5 14. d5 Na5 15. Qc2 b6 16. Na2 Nd7 17. Rab1 Bb7 18. Nb4 Nc5 19. Rfe1 Qd7 20. Bc3 f6 21. Ra1 Rfc8 22. Nd3 Nxd3 23. Qxd3 Nb3 24. Ra2 Nc5 25. Qe2 Nxa4 26. Ba1 Nc5 27. Nh4 a5 28. Nf5 Bf8 29. Bh3 Kh8 30. Kg2 Qf7 31. Rd2 Rd8 32. f3 Nb3 33. Rc2 Nxa1 34. Rxa1 Bc5 35. Rb1 c6 36. dxc6 Bxc6 37. Qa6 Ba4 38. Re2 g6 39. Ne3 Bxe3 40. Rxe3 Qa2+ 0-1

[Event "Winnipeg TNT March op"]
[Site "Winnipeg CAN"]
[Date "2009.03.10"]
[Round "2"]
[White "De Groot, Stephen"]
[Black "Menard, Trevor"]
[Result "1-0"]
[WhiteElo "1620"]
[BlackElo "1338"]
[PlyCount "43"]
[GameId "2160767910239878"]
[EventDate "2009.03.03"]
[EventType "swiss"]
[EventRounds "5"]
[EventCountry "CAN"]
[SourceTitle "EXT 2011"]
[Source "ChessBase"]
[SourceDate "2011.11.26"]
[SourceVersion "1"]
[SourceVersionDate "2011.11.26"]
[SourceQuality "1"]

1. e4 e6 2. d4 d5 3. Nc3 Bb4 4. Qg4 g6 5. e5 c5 6. Nf3 Nc6 7. Bb5 Nge7 8. Bg5 Qa5 9. O-O Bd7 10. Bf6 Rg8 11. Qh4 Bxc3 12. Bxc6 Nf5 13. Qxh7 Rf8 14. Bxd7+ Kxd7 15. bxc3 Qxc3 16. Rab1 b6 17. Ng5 Rae8 18. Nxf7 Ne7 19. Nd6 Rb8 20. Qxe7+ Kc6 21. Qxe6 Kc7 22. Nb5+ 1-0

[Event "Winnipeg TNT March op"]
[Site "Winnipeg CAN"]
[Date "2009.03.10"]
[Round "2"]
[White "Einarsson, Ken"]
[Black "Gibbons, Lorne"]
[Result "1-0"]
[WhiteElo "1694"]
[BlackElo "1232"]
[PlyCount "33"]
[GameId "2160767910239879"]
[EventDate "2009.03.03"]
[EventType "swiss"]
[EventRounds "5"]
[EventCountry "CAN"]
[SourceTitle "EXT 2011"]
[Source "ChessBase"]
[SourceDate "2011.11.26"]
[SourceVersion "1"]
[SourceVersionDate "2011.11.26"]
[SourceQuality "1"]

1. d4 d5 2. c4 e6 3. Nc3 Nf6 4. Nf3 Bd7 5. e3 Be7 6. Qb3 Bc6 7. Ne5 Qd6 8. c5 Qxc5 9. dxc5 Na6 10. Bxa6 b5 11. Nxc6 O-O 12. Nxe7+ Kh8 13. Nxb5 Rfe8 14. Nxc7 Rab8 15. Nxe8 Nxe8 16. Qxb8 f6 17. Qxe8# 1-0

[Event "Winnipeg TNT March op"]
[Site "Winnipeg CAN"]
[Date "2009.03.10"]
[Round "2"]
[White "Evans, Brian"]
[Black "Swift, Ryne"]
[Result "0-1"]
[WhiteElo "1552"]
[BlackElo "1722"]
[PlyCount "56"]
[GameId "2160767910239880"]
[EventDate "2009.03.03"]
[EventType "swiss"]
[EventRounds "5"]
[EventCountry "CAN"]
[SourceTitle "EXT 2011"]
[Source "ChessBase"]
[SourceDate "2011.11.26"]
[SourceVersion "1"]
[SourceVersionDate "2011.11.26"]
[SourceQuality "1"]

1. e4 e5 2. Nf3 Nc6 3. Bb5 a6 4. Ba4 b5 5. Bb3 Nf6 6. O-O Bc5 7. c3 O-O 8. d4 exd4 9. cxd4 Bb6 10. e5 Ne8 11. Bd5 h6 12. Nc3 Bb7 13. b3 Na5 14. Bxb7 Nxb7 15. Ba3 d6 16. Nd5 c6 17. Nxb6 Qxb6 18. exd6 Nexd6 19. Ne5 Rfd8 20. Rc1 Rac8 21. Qf3 c5 22. dxc5 Nxc5 23. Nd3 Nxd3 24. Qxd3 Rxc1 25. Rxc1 Nc4 26. Qc3 Nxa3 27. Qb4 Qd6 28. Qe1 Qd2 0-1

[Event "Winnipeg TNT March op"]
[Site "Winnipeg CAN"]
[Date "2009.03.10"]
[Round "2"]
[White "Green, Aaron"]
[Black "Kernetsky, Myron"]
[Result "1/2-1/2"]
[WhiteElo "1817"]
[BlackElo "1957"]
[PlyCount "75"]
[GameId "2160767910239882"]
[EventDate "2009.03.03"]
[EventType "swiss"]
[EventRounds "5"]
[EventCountry "CAN"]
[SourceTitle "EXT 2011"]
[Source "ChessBase"]
[SourceDate "2011.11.26"]
[SourceVersion "1"]
[SourceVersionDate "2011.11.26"]
[SourceQuality "1"]

1. e4 e6 2. d4 d5 3. Nd2 Nf6 4. Bd3 c5 5. dxc5 Bxc5 6. Qe2 Nc6 7. Ngf3 a6 8. a3 b5 9. Nb3 Be7 10. Bd2 Bb7 11. e5 Nd7 12. Kf1 Qc7 13. Re1 h6 14. h4 Nc5 15. Nxc5 Bxc5 16. c3 d4 17. Be4 dxc3 18. Bxc3 Rd8 19. g3 Nd4 20. Nxd4 Bxd4 21. Bxd4 Rxd4 22. Bf3 O-O 23. Kg2 Rfd8 24. Bxb7 Qxb7+ 25. Qf3 Qc7 26. Re4 Rd2 27. b3 R8d5 28. Rhe1 R2d3 29. R1e3 Rd1 30. Rc3 Qd7 31. b4 R1d3 32. Rxd3 Rxd3 33. Re3 Rd5 34. Qe4 Qc7 35. Kh3 h5 36. Kg2 g6 37. Kf3 Kg7 38. Kg2 1/2-1/2

[Event "Winnipeg TNT March op"]
[Site "Winnipeg CAN"]
[Date "2009.03.10"]
[Round "2"]
[White "Khedkar, Jay S"]
[Black "Atem, James"]
[Result "0-1"]
[WhiteElo "1974"]
[BlackElo "1793"]
[PlyCount "88"]
[GameId "2160767910239883"]
[EventDate "2009.03.03"]
[EventType "swiss"]
[EventRounds "5"]
[EventCountry "CAN"]
[SourceTitle "EXT 2011"]
[Source "ChessBase"]
[SourceDate "2011.11.26"]
[SourceVersion "1"]
[SourceVersionDate "2011.11.26"]
[SourceQuality "1"]

1. e4 d6 2. d4 g6 3. Nc3 Bg7 4. Bc4 c6 5. Nf3 Nh6 6. O-O a5 7. a4 Nd7 8. Bg5 Nb6 9. Bb3 f6 10. Bh4 d5 11. Re1 O-O 12. Qe2 e6 13. Rad1 Qd7 14. Bg3 Nf7 15. h3 Nd6 16. e5 Ndc4 17. Bxc4 Nxc4 18. b3 Nb6 19. exf6 Bxf6 20. Qe3 Qe7 21. Ne2 Qb4 22. Bc7 Ra6 23. Nf4 Qe7 24. Be5 Re8 25. Nd3 Nd7 26. Bg3 b5 27. Nfe5 Nxe5 28. Bxe5 Ra7 29. Nc5 Qg7 30. axb5 cxb5 31. Qd3 Bxe5 32. Rxe5 Bd7 33. Rde1 a4 34. bxa4 bxa4 35. c4 a3 36. cxd5 a2 37. Ra1 exd5 38. Nxd7 Qxd7 39. Rxe8+ Qxe8 40. Qb3 Qa8 41. Kf1 Ra3 42. Qb5 Kh8 43. Qe2 Qb8 44. Qe1 Rb3 0-1

[Event "Winnipeg TNT March op"]
[Site "Winnipeg CAN"]
[Date "2009.03.10"]
[Round "2"]
[White "Magnusson, Saul"]
[Black "Green, Jim"]
[Result "0-1"]
[WhiteElo "1461"]
[BlackElo "1817"]
[PlyCount "72"]
[GameId "2160767910239884"]
[EventDate "2009.03.03"]
[EventType "swiss"]
[EventRounds "5"]
[EventCountry "CAN"]
[SourceTitle "EXT 2011"]
[Source "ChessBase"]
[SourceDate "2011.11.26"]
[SourceVersion "1"]
[SourceVersionDate "2011.11.26"]
[SourceQuality "1"]

1. e4 d6 2. d4 Nf6 3. Nc3 Nbd7 4. Be3 e5 5. Nf3 Be7 6. Bc4 O-O 7. Qd3 c6 8. Bb3 Qc7 9. Ne2 a5 10. c3 a4 11. Bc2 b5 12. Ng3 Nb6 13. Nh4 Re8 14. b3 Be6 15. O-O Bf8 16. bxa4 Bc4 17. Qd1 Bxf1 18. Kxf1 Nxa4 19. Bxa4 Rxa4 20. Bg5 Nd7 21. Nh5 f6 22. Be3 Raa8 23. Qg4 Kh8 24. Nf5 Nb8 25. Qh4 Qf7 26. dxe5 dxe5 27. g3 Rd8 28. g4 Nd7 29. Rd1 Qc4+ 30. Kg2 Qxe4+ 31. f3 Rxa2+ 32. Kg3 Qc4 33. Rxd7 Rxd7 34. g5 Qxh4+ 35. Nxh4 fxg5 36. Bxg5 Be7 0-1

[Event "Winnipeg TNT March op"]
[Site "Winnipeg CAN"]
[Date "2009.03.10"]
[Round "2"]
[White "Milord, Frank"]
[Black "Trinidad, Kris"]
[Result "1/2-1/2"]
[WhiteElo "1581"]
[BlackElo "1563"]
[PlyCount "85"]
[GameId "2160767910239885"]
[EventDate "2009.03.03"]
[EventType "swiss"]
[EventRounds "5"]
[EventCountry "CAN"]
[SourceTitle "EXT 2011"]
[Source "ChessBase"]
[SourceDate "2011.11.26"]
[SourceVersion "1"]
[SourceVersionDate "2011.11.26"]
[SourceQuality "1"]

1. e4 c5 2. Nf3 Nc6 3. d4 cxd4 4. Nxd4 d6 5. Nc3 Nf6 6. Bg5 e6 7. Qd2 Be7 8. O-O-O O-O 9. Nb3 a6 10. Bxf6 Bxf6 11. Qxd6 Qb6 12. Qg3 Bxc3 13. bxc3 Rd8 14. Rxd8+ Qxd8 15. f4 Bd7 16. e5 Ne7 17. Bd3 Rc8 18. Be4 Bc6 19. Rd1 Qc7 20. Bxc6 Qxc6 21. Qd3 h6 22. Qd7 Qxc3 23. Rd2 Nd5 24. Qxb7 Nb4 25. Kb1 a5 26. Qf3 Qc7 27. Nd4 Qb6 28. Qb3 Qc7 29. Nb5 Qc5 30. Nd4 Nd5 31. Ka1 Nxf4 32. g3 Nd5 33. a3 Nc3 34. Rd3 Qxe5 35. Nf3 Qf6 36. Qb2 Ne4 37. Qxf6 Nxf6 38. Kb2 Nd5 39. Ne5 f6 40. c4 fxe5 41. cxd5 e4 42. Rd4 e3 43. dxe6 1/2-1/2

[Event "Winnipeg TNT March op"]
[Site "Winnipeg CAN"]
[Date "2009.03.10"]
[Round "2"]
[White "Rutter, Blair"]
[Black "Mundwiler, Les"]
[Result "0-1"]
[WhiteElo "1845"]
[BlackElo "2005"]
[PlyCount "80"]
[GameId "2160767910239886"]
[EventDate "2009.03.03"]
[EventType "swiss"]
[EventRounds "5"]
[EventCountry "CAN"]
[SourceTitle "EXT 2011"]
[Source "ChessBase"]
[SourceDate "2011.11.26"]
[SourceVersion "1"]
[SourceVersionDate "2011.11.26"]
[SourceQuality "1"]

1. c4 e5 2. g3 Nc6 3. Bg2 d6 4. Nc3 Be7 5. e4 h6 6. d3 Bg5 7. Nge2 Nge7 8. f4 exf4 9. Nxf4 Bxf4 10. Bxf4 Ng6 11. Be3 h5 12. Qd2 Nce5 13. O-O-O c6 14. Rhf1 Bg4 15. Rde1 Qd7 16. b3 Bh3 17. d4 Bxg2 18. Qxg2 Nd3+ 19. Kd2 Nxe1 20. Kxe1 h4 21. g4 O-O-O 22. h3 Rde8 23. Qb2 Kb8 24. b4 Rc8 25. a4 Rhe8 26. Kd2 f6 27. a5 d5 28. exd5 cxd5 29. c5 Ka8 30. Qa3 Ne5 31. dxe5 d4 32. Ne4 dxe3+ 33. Kxe3 Rxe5 34. Kf3 Rxe4 35. Kxe4 Re8+ 36. Kf3 Qd5+ 37. Kf2 Qd2+ 38. Kg1 Re3 39. Rf2 Qd1+ 40. Rf1 Qxf1+ 0-1

[Event "Winnipeg TNT March op"]
[Site "Winnipeg CAN"]
[Date "2009.03.10"]
[Round "2"]
[White "Strehlow, Chris"]
[Black "Green, Leah"]
[Result "1-0"]
[WhiteElo "1827"]
[BlackElo "1185"]
[PlyCount "105"]
[GameId "2160767910239887"]
[EventDate "2009.03.03"]
[EventType "swiss"]
[EventRounds "5"]
[EventCountry "CAN"]
[SourceTitle "EXT 2011"]
[Source "ChessBase"]
[SourceDate "2011.11.26"]
[SourceVersion "1"]
[SourceVersionDate "2011.11.26"]
[SourceQuality "1"]

1. e4 e5 2. b3 Nf6 3. d3 Nc6 4. Bb2 Bc5 5. Nf3 d6 6. h3 O-O 7. Nc3 Nd4 8. Na4 Nxf3+ 9. Qxf3 Bd4 10. c3 Bb6 11. Nxb6 axb6 12. d4 exd4 13. cxd4 Re8 14. e5 Nd7 15. Bc4 Re7 16. O-O dxe5 17. dxe5 Qf8 18. e6 fxe6 19. Qg4 Nc5 20. Rfe1 Bd7 21. a4 Rae8 22. Re5 Rf7 23. Qe2 Rf5 24. Ba3 Qf6 25. Bb2 Qg6 26. Re1 Rxe5 27. Qxe5 Bc6 28. g3 Re7 29. Ba3 Qf7 30. Re3 Qf6 31. Qxf6 gxf6 32. Bxc5 bxc5 33. Rxe6 Rxe6 34. Bxe6+ Kf8 35. f4 Ke7 36. f5 Kd6 37. Kf2 Bd7 38. Bxd7 Kxd7 39. Ke3 h5 40. g4 hxg4 41. hxg4 Ke7 42. Kf4 Kf7 43. g5 fxg5+ 44. Kxg5 Kg7 45. f6+ Kf7 46. Kf5 Kf8 47. Ke6 Ke8 48. f7+ Kf8 49. a5 b5 50. a6 c4 51. a7 cxb3 52. Kf6 b2 53. a8=Q# 1-0

[Event "Winnipeg TNT March op"]
[Site "Winnipeg CAN"]
[Date "2009.03.10"]
[Round "2"]
[White "Wasserman, Leor"]
[Black "Campbell, Gary"]
[Result "0-1"]
[WhiteElo "1584"]
[BlackElo "1640"]
[PlyCount "78"]
[GameId "2160767910239888"]
[EventDate "2009.03.03"]
[EventType "swiss"]
[EventRounds "5"]
[EventCountry "CAN"]
[SourceTitle "EXT 2011"]
[Source "ChessBase"]
[SourceDate "2011.11.26"]
[SourceVersion "1"]
[SourceVersionDate "2011.11.26"]
[SourceQuality "1"]

1. e4 e6 2. d4 d5 3. exd5 exd5 4. Nf3 Nc6 5. Bb5 Bd7 6. O-O Bd6 7. Nc3 Nge7 8. Re1 O-O 9. Bg5 f6 10. Be3 a6 11. Ba4 Na5 12. Bxd7 Qxd7 13. Bd2 Nc4 14. b3 Nxd2 15. Qxd2 Bb4 16. a3 Bxc3 17. Qxc3 Nf5 18. h3 Nd6 19. Re2 Rfe8 20. Rae1 Rxe2 21. Rxe2 Re8 22. Rxe8+ Nxe8 23. Qb4 Nd6 24. Nd2 Qc6 25. c4 dxc4 26. Nxc4 Nb5 27. Na5 Qc1+ 28. Kh2 b6 29. Qe7 Qf4+ 30. Kg1 h6 31. Nc4 Nxd4 32. Ne3 c6 33. Qd8+ Kh7 34. Qxb6 Ne2+ 35. Kh1 Qxf2 36. Nc4 c5 37. Qxc5 Qxc5 38. Ne3 Qxe3 39. Kh2 Qg1# 0-1

[Event "Winnipeg TNT March op"]
[Site "Winnipeg CAN"]
[Date "2009.03.10"]
[Round "2"]
[White "Wiebe, Daniel"]
[Black "Lipic, Stephen"]
[Result "0-1"]
[WhiteElo "1939"]
[BlackElo "1649"]
[PlyCount "74"]
[GameId "2160767910239889"]
[EventDate "2009.03.03"]
[EventType "swiss"]
[EventRounds "5"]
[EventCountry "CAN"]
[SourceTitle "EXT 2011"]
[Source "ChessBase"]
[SourceDate "2011.11.26"]
[SourceVersion "1"]
[SourceVersionDate "2011.11.26"]
[SourceQuality "1"]

1. e4 c6 2. d4 d5 3. Nc3 dxe4 4. Nxe4 Nf6 5. Nxf6+ exf6 6. Nf3 Bd6 7. Be3 O-O 8. Be2 Re8 9. Qd2 Nd7 10. O-O Nf8 11. Rfd1 Qc7 12. c4 Bg4 13. h3 Bh5 14. c5 Be7 15. d5 cxd5 16. Qxd5 Bg6 17. Nh4 Rad8 18. Qc4 Rc8 19. Rac1 Qe5 20. b4 Bh5 21. Nf3 Qe6 22. a4 Bd8 23. Qb5 Qc6 24. Qxc6 Rxc6 25. Bb5 Bc7 26. Bxc6 bxc6 27. g4 Bg6 28. Nd4 Be4 29. b5 cxb5 30. Nxb5 Be5 31. Nxa7 Ne6 32. c6 h5 33. Rc4 Bf3 34. Rd7 h4 35. c7 Nd4 36. Bxd4 Bxc7 37. Rdxc7 Re1+ 0-1

[Event "Winnipeg TNT March op"]
[Site "Winnipeg CAN"]
[Date "2009.03.17"]
[Round "3"]
[White "Boron, Anthony"]
[Black "Green, Aaron"]
[Result "1-0"]
[WhiteElo "1993"]
[BlackElo "1817"]
[PlyCount "55"]
[GameId "2160767910239890"]
[EventDate "2009.03.03"]
[EventType "swiss"]
[EventRounds "5"]
[EventCountry "CAN"]
[SourceTitle "EXT 2011"]
[Source "ChessBase"]
[SourceDate "2011.11.26"]
[SourceVersion "1"]
[SourceVersionDate "2011.11.26"]
[SourceQuality "1"]

1. d4 Nf6 2. Nf3 g6 3. Nc3 Bg7 4. e4 d6 5. Be3 O-O 6. Qd2 Ng4 7. Bg5 Bf6 8. h3 Bxg5 9. Qxg5 Nf6 10. O-O-O Nbd7 11. e5 Nh5 12. g4 Ng7 13. h4 Ne6 14. Qe3 c5 15. d5 Nc7 16. h5 Nxe5 17. Nxe5 dxe5 18. hxg6 fxg6 19. Bc4 Bxg4 20. d6+ Ne6 21. Bxe6+ Bxe6 22. Qxe5 Qc8 23. dxe7 Re8 24. Rd8 Rxd8 25. exd8=Q+ Qxd8 26. Qxe6+ Kg7 27. Qe5+ Qf6 28. Rxh7+ 1-0